Muzycy według zdjęć #3 - Statystyki

Ogólne statystyki
  • Ten quiz został rozwiązany 2 513 razy
  • Średni wynik to 10 z 20
Statystyki odpowiedzi
Obrazkowy Hint Odpowiedź % Poprawnych
1958–2009 Michael Jackson
99%
ur. 1989 Taylor Swift
90%
ur. 2001 Billie Eilish
78%
ur. 1975 50 Cent
66%
ur. 1979 Pink
64%
1963–2012 Whitney Houston
64%
1901–1971 Louis Armstrong
57%
ur. 1969 Jay-Z
55%
ur. 1985 Lana Del Rey
55%
1685–1750 J. S. Bach
53%
ur. 1973 Pharrell Williams
51%
ur. 1981 Justin Timberlake
50%
ur. 1969 Mariah Carey
50%
ur. 1998 Shawn Mendes
48%
ur. 1955 Yo Yo Ma
47%
1930–2004 Ray Charles
26%
ur. 1977 Chris Martin
25%
ur. 1948 Steven Tyler
23%
ur. 1942 Barbra Streisand
20%
1942–2018 Tomasz Stańko
8%
Nie znaleziono quizów pasujących do podanych kryteriów
Rozkład punktacji
Procent ludzi z każdym wynikiem
Percentyl według liczby udzielonych odpowiedzi
Twoja historia wyników
Nie rozwiązałeś tego quizu